00550nam a2200157Ia 4500008004100000020001500041082001400056100001900070245004000089260004400129300001000173600001000183942000700193952017500200999001700375250526s9999 xx 000 0 und d a0940368439 a297.1 RAZ aRaza, Syed Ali 0aNahj al-balagha:bPeak of Eloquence aNew York:bTahrike Tarsile Quran,c1984 a680p. aIslam cGB 00104070aUITUbUITUcGIFd2025-05-26eGifted by Dr. Zubair Ahmed Siddiquil0o297.1 RAZpG107r2025-05-26 10:58:57w2025-05-26yGBzGifted by Dr. Zubair Ahmed Siddiqui c31270d31270